Statistiken für Beliebteste Sportarten bei jungen Männern

Klicken Sie hier um das Quiz zu spielen!

Allgemein

  • Dieses Quiz wurde 58 mal gespielt
  • Das Durchschnittsergebnis liegt bei 3 aus 15

Antwortstatistiken

#Männern (27- 40 J)Sportart% Korrekt
11 363 000Fußball
100%
575 000Handball
33%
1128 000Basketball
27%
4112 000Tennis
24%
1422 000Schwimmen
16%
661 000Tischtennis
16%
841 000Volleyball
14%
3147 000Turnen
12%
1322 500Badminton
8%
751 000Golf
6%
937 500Leichtathletik
6%
2207 000Schützen
6%
1034 000Ski
6%
1226 000Radsport
2%
1516 500Segeln
0%

Verteilung der Resultate

Perzentil nach korrekt beantworteten Fragen

Anzahl Personen mit jedem Resultat

Ihre Resultats-Entwicklung

Sie haben dieses Quiz noch nicht gespielt